[Event "ChessOrg Schachfestival 2024 Bad Wörishofen"]
[White "Wunderlich, Frank"]
[Black "Lechner, Otto"]
[Site "Bad Woerishofen"]
[Round "4.44"]
[Annotator "wempe"]
[Result "0-1"]
[Date "2024.??.??"]
[WhiteElo "1843"]
[BlackElo "1913"]
[PlyCount "74"]
[GameId "2102427056468939"]
[EventDate "2024.03.11"]

1. c4 c6 2. Nc3 d5 3. cxd5 cxd5 4. d4 Nf6 5. Bf4 a6 6. e3 Nc6 7. h3 e6 8. a3 Bd6 9. Bxd6 Qxd6 10. Nf3 O-O 11. Bd3 h6 12. O-O Rd8 13. Na4 e5 14. dxe5 Nxe5 15. Nxe5 Qxe5 16. b4 Rd6 17. Rc1 Ne4 18. Nc5 b6 19. Nb3 Bxh3 20. f4 Qf5 21. Qf3 Rg6 22. Rf2 Bg4 23. Nd4 Qd7 24. Bxe4 Bxf3 25. Bxg6 Be4 26. Bxe4 dxe4 27. Rfc2 Qg4 28. Kf2 h5 29. Nc6 h4 30. Kf1 Qg3 31. Re2 Re8 32. Nd4 g6 33. Rc6 Kg7 34. f5 Re5 35. f6+ Kh6 36. Rxb6 h3 37. gxh3 Rg5 0-1

[Event "ChessOrg Schachfestival 2024 Bad Wörishofen"]
[White "Schmitt, Karl"]
[Black "Leser, Alfred"]
[Site "Bad Woerishofen"]
[Round "4.45"]
[Annotator "wempe"]
[Result "1/2-1/2"]
[Date "2024.??.??"]
[WhiteElo "1906"]
[BlackElo "1825"]
[PlyCount "56"]
[GameId "2102428309001172"]
[EventDate "2024.03.11"]

1. d4 d5 2. Nf3 Nf6 3. c4 c6 4. Qc2 g6 5. e3 Bf5 6. Bd3 Bxd3 7. Qxd3 Bg7 8. Nc3 e6 9. O-O O-O 10. b3 Na6 11. Ba3 Re8 12. Rac1 Qa5 13. Bb2 Nd7 14. a3 Qd8 15. Rfd1 Nc7 16. e4 dxe4 17. Nxe4 Nf6 18. Qc2 Nxe4 19. Qxe4 Qe7 20. Qc2 Rad8 21. Re1 Qf8 22. Rcd1 Re7 23. h4 Red7 24. b4 b6 25. Ne5 Bxe5 26. dxe5 Qe7 27. g3 c5 28. b5 Ne8 1/2-1/2

[Event "ChessOrg Schachfestival 2024 Bad Wörishofen"]
[White "Cremonini, Stefano"]
[Black "Helbig, Dieter"]
[Site "Bad Woerishofen"]
[Round "4.46"]
[Annotator "wempe"]
[Result "0-1"]
[Date "2024.??.??"]
[WhiteElo "1734"]
[BlackElo "1905"]
[PlyCount "65"]
[GameId "2102428329300957"]
[EventDate "2024.03.11"]

1. d4 Nf6 2. Nf3 g6 3. Bg5 Bg7 4. Nbd2 d5 5. c3 O-O 6. e3 Bf5 7. Be2 Nbd7 8. h3 Re8 9. Bf4 Nb6 10. O-O a6 11. a4 a5 12. Ne5 Nfd7 13. Ndf3 Nxe5 14. Nxe5 f6 15. Nf3 Rc8 16. Qb3 Kh8 17. Rfc1 e5 18. dxe5 fxe5 19. Bg5 Qd6 20. Rd1 h6 21. Bh4 g5 22. Bg3 Qe6 23. Qb5 Bc2 24. Rd2 Bxa4 25. Qxa5 Ra8 26. Qb4 c5 27. Qg4 Qxg4 28. hxg4 Bc6 29. Rad1 Ra2 30. b4 Rxd2 31. Rxd2 e4 32. Ne1 Bxc3 33. Ra2 0-1

[Event "ChessOrg Schachfestival 2024 Bad Wörishofen"]
[White "Heid, Magdalene"]
[Black "Wulf, Juergen"]
[Site "Bad Woerishofen"]
[Round "4.47"]
[Annotator "wempe"]
[Result "0-1"]
[Date "2024.??.??"]
[WhiteElo "1714"]
[BlackElo "1885"]
[PlyCount "56"]
[GameId "2102429368120294"]
[EventDate "2024.03.11"]

1. e4 c5 2. c3 d5 3. exd5 Qxd5 4. d4 Nc6 5. Nf3 cxd4 6. cxd4 Bg4 7. Be2 Nf6 8. Nc3 Qa5 9. h3 Bf5 10. Bd2 e6 11. Nb5 Qb6 12. Bf4 Bb4+ 13. Bd2 O-O 14. O-O Bxd2 15. Qxd2 Rfd8 16. Qf4 a6 17. Nc3 Qxb2 18. Qc1 Qxc1 19. Raxc1 Nxd4 20. Nxd4 Rxd4 21. Bf3 Ne4 22. Nxe4 Bxe4 23. Bxe4 Rxe4 24. Rc7 b5 25. Rfc1 g6 26. Rc8+ Rxc8 27. Rxc8+ Kg7 28. Ra8 Ra4 0-1

[Event "ChessOrg Schachfestival 2024 Bad Wörishofen"]
[White "Kumeth, Hartmut"]
[Black "Marian, Hartmut"]
[Site "Bad Woerishofen"]
[Round "4.49"]
[Annotator "wempe"]
[Result "0-1"]
[Date "2024.??.??"]
[WhiteElo "1830"]
[BlackElo "1992"]
[PlyCount "82"]
[GameId "2102431045501947"]
[EventDate "2024.03.11"]

1. Nf3 Nf6 2. d4 c5 3. dxc5 e6 4. e3 Bxc5 5. Be2 d5 6. O-O O-O 7. c3 Qc7 8. Re1 e5 9. g3 h6 10. Kg2 Be6 11. Nbd2 Nc6 12. h3 Rad8 13. Rh1 Rfe8 14. b4 Bf8 15. Bb2 e4 16. Nd4 Nxd4 17. exd4 Bf5 18. Nf1 a6 19. Ne3 Be6 20. Bg4 Qc8 21. Rh2 Bd6 22. Qe2 Nh7 23. Rc1 f5 24. Bh5 f4 25. gxf4 b5 26. Rg1 Rf8 27. Bg6 Rxf4 28. Bxh7+ Kxh7 29. Kh1 Rf3 30. Ng4 Bxh2 31. Kxh2 Bxg4 32. hxg4 Rdf8 33. Rg2 R8f4 34. Kg1 Rxg4 35. Qf1 Qf5 36. Bc1 Qg6 37. Be3 Rxg2+ 38. Qxg2 Qxg2+ 39. Kxg2 g5 40. Kh2 Kg6 41. Kg2 h5 0-1

[Event "ChessOrg Schachfestival 2024 Bad Wörishofen"]
[White "Ebner, Hermann"]
[Black "Kleinhenz, Hans-Georg"]
[Site "Bad Woerishofen"]
[Round "4.50"]
[Annotator "wempe"]
[Result "1/2-1/2"]
[Date "2024.??.??"]
[WhiteElo "1903"]
[BlackElo "1833"]
[PlyCount "49"]
[GameId "2102431320679428"]
[EventDate "2024.03.11"]

1. d4 d5 2. Bf4 e6 3. Nd2 Bd6 4. Bg3 h5 5. Ngf3 h4 6. Bxd6 Qxd6 7. h3 c5 8. e4 cxd4 9. Nxd4 a6 10. c3 Ne7 11. Qf3 e5 12. Nc2 Be6 13. O-O-O d4 14. Bc4 dxc3 15. Qxc3 Nd7 16. Nf3 Qb6 17. Bxe6 Qxe6 18. Kb1 Rc8 19. Qd2 Qc6 20. Rhe1 Rh5 21. Re3 Nc5 22. Qd6 Qxd6 23. Rxd6 Rd8 24. Rxd8+ Kxd8 25. b4 1/2-1/2

[Event "ChessOrg Schachfestival 2024 Bad Wörishofen"]
[White "Laustsen, Karl-Johan"]
[Black "Titz, Waldemar"]
[Site "Bad Woerishofen"]
[Round "4.52"]
[Annotator "wempe"]
[Result "1-0"]
[Date "2024.??.??"]
[WhiteElo "1897"]
[BlackElo "1822"]
[PlyCount "84"]
[GameId "2102432570364963"]
[EventDate "2024.03.11"]

1. d4 Nf6 2. Bf4 d6 3. e3 g6 4. Nf3 Bg7 5. h3 c6 6. c3 b5 7. Be2 Bb7 8. O-O O-O 9. Nbd2 Nbd7 10. Qc2 a6 11. Rfd1 Qc7 12. Rac1 Rac8 13. c4 Qd8 14. c5 d5 15. b4 Re8 16. Qc3 Nh5 17. Bh2 Nhf6 18. Ne5 Nf8 19. Bd3 Ne6 20. f4 Nf8 21. Rf1 e6 22. Rf2 N6d7 23. Rcf1 f5 24. g4 Nf6 25. gxf5 exf5 26. Rg2 Qe7 27. Kh1 Kh8 28. Rfg1 Ne4 29. Qc1 Bxe5 30. fxe5 Qe6 31. Bf4 Nxd2 32. Qxd2 Rc7 33. Qf2 Rf7 34. Qh4 Bc8 35. Qh6 Bd7 36. Kh2 Bc8 37. h4 Rg7 38. Rg5 Ree7 39. Bxf5 Qxf5 40. Rxf5 Bxf5 41. Bg5 Kg8 42. Bxe7 Rxe7 1-0

[Event "ChessOrg Schachfestival 2024 Bad Wörishofen"]
[White "Vonach, Bernhard"]
[Black "Stein, Eugen"]
[Site "Bad Woerishofen"]
[Round "4.53"]
[Annotator "wempe"]
[Result "1-0"]
[Date "2024.??.??"]
[WhiteElo "1881"]
[BlackElo "1806"]
[PlyCount "61"]
[GameId "2102433738290220"]
[EventDate "2024.03.11"]

1. Nf3 c5 2. c3 Nf6 3. d4 cxd4 4. cxd4 e6 5. Nc3 d5 6. Bg5 Be7 7. e3 O-O 8. Bd3 h6 9. Bh4 Nh7 10. Bg3 a6 11. Qc2 Nf6 12. Rc1 Nc6 13. a3 Bd7 14. h3 Rc8 15. O-O Na5 16. Qe2 Nb3 17. Rc2 Qa5 18. Ne5 Bxa3 19. Nxd7 Nxd7 20. bxa3 Rxc3 21. Bd6 Rfc8 22. Bb4 Rxc2 23. Bxc2 Nxd4 24. exd4 Qb6 25. Qd3 g6 26. Qd2 Kg7 27. Ba4 Nf6 28. Ba5 Qd6 29. Bb4 Qc7 30. Qe3 Ne4 31. Bd1 1-0

[Event "ChessOrg Schachfestival 2024 Bad Wörishofen"]
[White "Moser, Andreas"]
[Black "Bertz, Uwe"]
[Site "Bad Woerishofen"]
[Round "4.54"]
[Annotator "wempe"]
[Result "1/2-1/2"]
[Date "2024.??.??"]
[WhiteElo "1819"]
[BlackElo "1880"]
[PlyCount "40"]
[GameId "2102435460924472"]
[EventDate "2024.03.11"]

1. e4 e5 2. Bc4 Nf6 3. Nc3 Nc6 4. Nf3 Be7 5. d3 d6 6. h3 Na5 7. Bb3 Nxb3 8. axb3 c6 9. Be3 b6 10. O-O O-O 11. d4 Qc7 12. Re1 h6 13. d5 c5 14. Nh2 Bd7 15. f4 b5 16. Qf3 b4 17. Ne2 Nh7 18. f5 a5 19. Ng3 Ra7 20. Nh5 Bg5 1/2-1/2

[Event "ChessOrg Schachfestival 2024 Bad Wörishofen"]
[White "Storkebaum, Ulrike"]
[Black "Hager, Eberhard"]
[Site "Bad Woerishofen"]
[Round "4.55"]
[Annotator "wempe"]
[Result "0-1"]
[Date "2024.??.??"]
[WhiteElo "1802"]
[BlackElo "1863"]
[PlyCount "98"]
[GameId "2102435485144129"]
[EventDate "2024.03.11"]

1. e4 d6 2. d4 Nf6 3. Nc3 c6 4. f4 Qb6 5. Nf3 Bg4 6. Be2 e6 7. Qd3 Nbd7 8. Be3 d5 9. O-O Nxe4 10. Nh4 Bxe2 11. Qxe2 Be7 12. Nxe4 dxe4 13. g3 Bxh4 14. gxh4 Qd8 15. Qg4 Nf6 16. Qg2 Qd5 17. Kh1 g6 18. b3 Qh5 19. Qg5 Qxg5 20. hxg5 Nd5 21. Rae1 f5 22. gxf6 Nxf6 23. c4 b6 24. h3 Rf8 25. Kg2 O-O-O 26. a4 Rd7 27. Ra1 Rdf7 28. a5 Kb7 29. axb6 axb6 30. Ra2 Ra8 31. Rfa1 Rxa2+ 32. Rxa2 Nh5 33. Rf2 Rf8 34. h4 Ra8 35. Rb2 Ra1 36. Bd2 Ng7 37. Be3 Nf5 38. Bf2 Rd1 39. Re2 e3 40. Bxe3 Nxh4+ 41. Kh3 Nf5 42. Bf2 Nxd4 43. Bxd4 Rxd4 44. Rxe6 Rxf4 45. Re7+ Ka6 46. Kg3 Rf1 47. Rxh7 Rb1 48. Rh8 Rxb3+ 49. Kf4 Rb4 0-1

[Event "ChessOrg Schachfestival 2024 Bad Wörishofen"]
[White "Collins, Alan"]
[Black "Sakowski, Christian"]
[Site "Bad Woerishofen"]
[Round "4.56"]
[Annotator "wempe"]
[Result "1/2-1/2"]
[Date "2024.??.??"]
[WhiteElo "1743"]
[BlackElo "1854"]
[PlyCount "39"]
[GameId "2102436737283146"]
[EventDate "2024.03.11"]

1. d4 Nf6 2. Nf3 e6 3. Bf4 b6 4. e3 Bb7 5. Be2 d6 6. c4 Nbd7 7. Nc3 Be7 8. h3 a6 9. O-O O-O 10. a3 c5 11. d5 e5 12. Bh2 Re8 13. e4 Bf8 14. Nd2 g6 15. f4 Bg7 16. f5 Qe7 17. g4 Bh6 18. Rf3 Kh8 19. Rd3 g5 20. Bf3 1/2-1/2

[Event "ChessOrg Schachfestival 2024 Bad Wörishofen"]
[White "Ganslmayer, Anton"]
[Black "Sombetzki, Detlef"]
[Site "Bad Woerishofen"]
[Round "4.57"]
[Annotator "wempe"]
[Result "1/2-1/2"]
[Date "2024.??.??"]
[WhiteElo "1852"]
[BlackElo "1719"]
[PlyCount "56"]
[GameId "2102437246305363"]
[EventDate "2024.03.11"]

1. e4 c5 2. Nf3 d6 3. Nc3 Nf6 4. e5 dxe5 5. Nxe5 a6 6. Qe2 e6 7. g3 Nbd7 8. Nxd7 Qxd7 9. Bg2 Be7 10. O-O O-O 11. a4 Rb8 12. a5 Re8 13. Qc4 b5 14. axb6 Rxb6 15. b3 Qd4 16. d3 Rb4 17. Qxd4 cxd4 18. Ne2 e5 19. Bc6 Rd8 20. Ba3 a5 21. Bxb4 Bxb4 22. Kg2 Bf5 23. f3 Rc8 24. g4 Rxc6 25. gxf5 Rxc2 26. Rf2 Nd5 27. Rc1 Rxc1 28. Nxc1 Ne3+ 1/2-1/2

[Event "ChessOrg Schachfestival 2024 Bad Wörishofen"]
[White "Christoffersen, Odd"]
[Black "Kundt, Guenther"]
[Site "Bad Woerishofen"]
[Round "4.58"]
[Annotator "wempe"]
[Result "1/2-1/2"]
[Date "2024.??.??"]
[WhiteElo "1701"]
[BlackElo "1851"]
[PlyCount "76"]
[GameId "2102438576804959"]
[EventDate "2024.03.11"]

1. e4 d5 2. exd5 Nf6 3. Bb5+ Bd7 4. Bc4 b5 5. Bb3 Bg4 6. f3 Bc8 7. Qe2 a6 8. c4 bxc4 9. Qxc4 Qd6 10. Nc3 g6 11. d3 e6 12. Bf4 e5 13. Be3 Nbd7 14. Ne4 Nxe4 15. dxe4 Qb4+ 16. Kf2 Qxc4 17. Bxc4 Bd6 18. Ne2 Ke7 19. g3 f6 20. a3 Bb7 21. Rhd1 Rhd8 22. Nc3 Rac8 23. Rac1 Nb6 24. Bb3 g5 25. Na4 Nd7 26. Nc5 Nxc5 27. Bxc5 c6 28. Bxd6+ Rxd6 29. Rc3 cxd5 30. Rxc8 Bxc8 31. Bxd5 Bb7 32. Ke2 Bxd5 33. exd5 Rb6 34. b4 Kd6 35. g4 Rb8 36. Ke3 Rc8 37. Rd3 Rc4 38. Kd2 e4 1/2-1/2

[Event "ChessOrg Schachfestival 2024 Bad Wörishofen"]
[White "Auterhoff, Juergen"]
[Black "Mitterholzer, Helmuth"]
[Site "Bad Woerishofen"]
[Round "4.60"]
[Annotator "wempe"]
[Result "1/2-1/2"]
[Date "2024.??.??"]
[WhiteElo "1838"]
[BlackElo "1644"]
[PlyCount "61"]
[GameId "2102445108450417"]
[EventDate "2024.03.11"]

1. e4 e5 2. Bc4 Nf6 3. d3 Nc6 4. Nf3 h6 5. c3 Be7 6. O-O d6 7. h3 O-O 8. Re1 Na5 9. Bb5 c6 10. Ba4 b5 11. Bc2 c5 12. d4 cxd4 13. cxd4 Qc7 14. Nc3 a6 15. Bd2 Nc4 16. b3 Nxd2 17. Qxd2 Bb7 18. Rac1 Rad8 19. Nd5 Nxd5 20. exd5 Qb8 21. Qd3 g6 22. dxe5 dxe5 23. Rxe5 Bf6 24. Rh5 Kg7 25. Nh4 Bxh4 26. Rxh4 Rxd5 27. Qe3 h5 28. Re4 Rd7 29. Re5 Qd8 30. Qc3 Qf6 31. Qe3 1/2-1/2

[Event "ChessOrg Schachfestival 2024 Bad Wörishofen"]
[White "Lachat, Martin"]
[Black "Willer, Walter"]
[Site "Bad Woerishofen"]
[Round "4.63"]
[Annotator "wempe"]
[Result "0-1"]
[Date "2024.??.??"]
[WhiteElo "1742"]
[BlackElo "1835"]
[PlyCount "76"]
[GameId "2102475268981901"]
[EventDate "2024.03.11"]

1. c4 e6 2. d4 d5 3. cxd5 exd5 4. Nc3 c6 5. Nf3 Bd6 6. e3 Bf5 7. Bd3 Bxd3 8. Qxd3 Nf6 9. O-O O-O 10. a3 Nbd7 11. b3 Re8 12. Bb2 Nf8 13. Rae1 Qd7 14. Qd1 Re7 15. b4 a6 16. Na4 Rae8 17. Nc5 Qc7 18. Nd3 Ng6 19. Nde5 Ne4 20. Nxg6 hxg6 21. g3 Qd7 22. Kg2 f6 23. Ng1 Kf7 24. Ne2 Rh8 25. Ng1 Ng5 26. h4 Ne4 27. Nf3 Bb8 28. Nd2 Qd6 29. Nxe4 Rxe4 30. Rh1 f5 31. Bc1 Rg4 32. Qf3 Kf6 33. Rh3 Rh5 34. Bd2 Kf7 35. Qe2 Qe7 36. f3 Rxg3+ 37. Rxg3 Qxh4 38. Qf2 Qh2+ 0-1

[Event "ChessOrg Schachfestival 2024 Bad Wörishofen"]
[White "Hackbarth, Christa"]
[Black "Auschkalnis, Reinhard"]
[Site "Bad Woerishofen"]
[Round "4.64"]
[Annotator "wempe"]
[Result "1-0"]
[Date "2024.??.??"]
[WhiteElo "1833"]
[BlackElo "1732"]
[PlyCount "65"]
[GameId "2102475634185366"]
[EventDate "2024.03.11"]

1. d4 Nf6 2. Nf3 e6 3. Bf4 b6 4. e3 Bb7 5. Nbd2 Be7 6. h3 O-O 7. Bd3 d5 8. c3 Nbd7 9. Rc1 Rc8 10. O-O Ne4 11. Qc2 Ndf6 12. Ne5 Nxd2 13. Qxd2 Ne4 14. Qc2 f6 15. Nf3 Bd6 16. Bxd6 Qxd6 17. Rfd1 Qe7 18. Nd2 f5 19. Nf3 c5 20. Qe2 g5 21. Ne5 f4 22. Bxe4 dxe4 23. dxc5 Qg7 24. exf4 gxf4 25. Qg4 Qxg4 26. hxg4 Rfd8 27. cxb6 axb6 28. Rxd8+ Rxd8 29. Rc2 e3 30. fxe3 fxe3 31. Nc4 Be4 32. Rc1 e2 33. Re1 1-0

[Event "ChessOrg Schachfestival 2024 Bad Wörishofen"]
[White "Ruf, Helmut"]
[Black "Babenko, Aleksej"]
[Site "Bad Woerishofen"]
[Round "4.65"]
[Annotator "wempe"]
[Result "1/2-1/2"]
[Date "2024.??.??"]
[WhiteElo "1645"]
[BlackElo "1819"]
[PlyCount "45"]
[GameId "2102477141669023"]
[EventDate "2024.03.11"]

1. e4 e6 2. d4 d5 3. e5 c5 4. c3 Nc6 5. Nf3 Bd7 6. Bd3 h6 7. O-O cxd4 8. cxd4 Bb4 9. Bd2 Nge7 10. a3 Bxd2 11. Nbxd2 O-O 12. Rc1 Rc8 13. Nb3 Be8 14. Bb1 b6 15. Nh4 f5 16. exf6 Rxf6 17. Rc3 Ng6 18. Nxg6 Bxg6 19. Bxg6 Rxg6 20. Qc2 Ne7 21. Rc1 Rxc3 22. Qxc3 Nf5 23. Nd2 1/2-1/2

[Event "ChessOrg Schachfestival 2024 Bad Wörishofen"]
[White "Mahrla, Hans"]
[Black "Flockerzi, Armin"]
[Site "Bad Woerishofen"]
[Round "4.66"]
[Annotator "wempe"]
[Result "0-1"]
[Date "2024.??.??"]
[WhiteElo "1722"]
[BlackElo "1817"]
[PlyCount "49"]
[GameId "2102477396575400"]
[EventDate "2024.03.11"]

1. e4 e5 2. f4 exf4 3. Nf3 d6 4. d4 g6 5. Bxf4 Bg7 6. c3 Nc6 7. Bd3 Bd7 8. O-O Nge7 9. Nbd2 O-O 10. b4 a6 11. Nc4 b5 12. Ne3 Re8 13. Qc2 Qc8 14. Rac1 Nxd4 15. e5 d5 16. Bg5 c6 17. Qf2 Ne6 18. Bxe7 Rxe7 19. Ng4 Nf4 20. Bb1 Bxg4 21. Qg3 Ne2+ 22. Kf2 Nxg3 23. Kxg3 Bxf3 24. gxf3 Qe6 25. Rce1 0-1

[Event "ChessOrg Schachfestival 2024 Bad Wörishofen"]
[White "Schnell, Franz"]
[Black "Grandl, Klaus"]
[Site "Bad Woerishofen"]
[Round "4.67"]
[Annotator "wempe"]
[Result "0-1"]
[Date "2024.??.??"]
[WhiteElo "1800"]
[BlackElo "1726"]
[PlyCount "60"]
[GameId "2102478022735025"]
[EventDate "2024.03.11"]

1. d4 d5 2. Nf3 Nc6 3. Bf4 h6 4. e3 Nf6 5. h3 e6 6. Nbd2 Be7 7. c3 a6 8. Bd3 Nh7 9. Ne5 Nxe5 10. Bxe5 Bf6 11. Nf3 Nf8 12. Rc1 b5 13. Qe2 Nd7 14. e4 c6 15. exd5 cxd5 16. O-O Bxe5 17. dxe5 O-O 18. Bb1 f6 19. exf6 Rxf6 20. Rfe1 Nf8 21. Rcd1 Bd7 22. Ne5 Be8 23. a3 Qc7 24. Qe3 Bg6 25. Nxg6 Nxg6 26. Qd4 Qf7 27. Bxg6 Rxg6 28. Re2 Qf3 29. g3 Qxe2 30. Kg2 Qe4+ 0-1

[Event "ChessOrg Schachfestival 2024 Bad Wörishofen"]
[White "Mueggenburg, Rolf"]
[Black "Semisch, Helga"]
[Site "Bad Woerishofen"]
[Round "4.68"]
[Annotator "wempe"]
[Result "1-0"]
[Date "2024.??.??"]
[WhiteElo "1781"]
[BlackElo "1636"]
[PlyCount "45"]
[GameId "2102478471939258"]
[EventDate "2024.03.11"]

1. d4 d5 2. Bf4 e6 3. e3 Be7 4. Be2 Nd7 5. Nf3 f5 6. Ne5 Ngf6 7. Bh5+ g6 8. Nxg6 Nxh5 9. Qxh5 Nf6 10. Qh6 Kd7 11. Ne5+ Ke8 12. Qg7 Rf8 13. Bg5 Qd6 14. c3 Bd7 15. Nd2 Bb5 16. a4 Ba6 17. b4 b6 18. b5 Bb7 19. O-O c6 20. Ndf3 c5 21. Bxf6 Rxf6 22. Qxh7 Bf8 23. Qxb7 1-0

[Event "ChessOrg Schachfestival 2024 Bad Wörishofen"]
[White "Walther, Renate"]
[Black "Schleime, Franz-Josef"]
[Site "Bad Woerishofen"]
[Round "4.69"]
[Annotator "wempe"]
[Result "0-1"]
[Date "2024.??.??"]
[WhiteElo "1561"]
[BlackElo "1779"]
[PlyCount "66"]
[GameId "2102479072601283"]
[EventDate "2024.03.11"]

1. e4 c5 2. Nf3 e6 3. d4 cxd4 4. Nxd4 a6 5. Nc3 d6 6. f4 Nf6 7. Be2 Qc7 8. Bf3 Bd7 9. O-O Be7 10. Bd2 Nc6 11. Nxc6 bxc6 12. Qe2 O-O 13. e5 Nd5 14. Bg4 Qa7+ 15. Kh1 Rab8 16. b3 Nxc3 17. Bxc3 d5 18. Rad1 c5 19. Qf2 Qc7 20. Qd2 d4 21. Bb2 Rbd8 22. Rf3 Bc6 23. Rh3 Be4 24. Bf3 Bf5 25. g4 Bg6 26. Re1 Qd7 27. Qg2 d3 28. Bc3 dxc2 29. Bb2 Qd2 30. Qf1 Bd3 31. Qg1 Qxf4 32. Bc1 Qb4 33. Qf2 c4 0-1

[Event "ChessOrg Schachfestival 2024 Bad Wörishofen"]
[White "Narr, Irmgard"]
[Black "Niesswohl, Werner"]
[Site "Bad Woerishofen"]
[Round "4.70"]
[Annotator "wempe"]
[Result "0-1"]
[Date "2024.??.??"]
[WhiteElo "1755"]
[BlackElo "1699"]
[PlyCount "48"]
[GameId "2102479836374220"]
[EventDate "2024.03.11"]

1. e4 e5 2. Nf3 Nc6 3. Bc4 Bc5 4. c3 Nf6 5. d3 d6 6. b4 Bb6 7. a4 a5 8. b5 Ne7 9. Qb3 O-O 10. Ng5 d5 11. exd5 Nexd5 12. O-O h6 13. Ne4 Be6 14. Ba3 Re8 15. Bc5 Nxe4 16. Bxb6 Nxb6 17. Bxe6 Rxe6 18. dxe4 Qd3 19. Re1 Rd8 20. Na3 Rdd6 21. h3 Qd2 22. Rac1 Qf4 23. c4 Rd2 24. Rc2 Qxf2+ 0-1

[Event "ChessOrg Schachfestival 2024 Bad Wörishofen"]
[White "Beitz, Joanne"]
[Black "Weyand, Fernand"]
[Site "Bad Woerishofen"]
[Round "4.71"]
[Annotator "wempe"]
[Result "0-1"]
[Date "2024.??.??"]
[WhiteElo "1540"]
[BlackElo "1752"]
[PlyCount "72"]
[GameId "2102480126571733"]
[EventDate "2024.03.11"]

1. e4 c6 2. d4 d5 3. Nc3 dxe4 4. Nxe4 Bf5 5. Ng3 Bg6 6. h4 h6 7. Nf3 Nd7 8. Bd3 Bxd3 9. Qxd3 e6 10. c3 Qc7 11. Be3 Ngf6 12. O-O O-O-O 13. b4 Bd6 14. Rfe1 Bxg3 15. fxg3 Qxg3 16. Bf2 Qc7 17. g3 Ng4 18. Qe4 Ndf6 19. Qf4 Qxf4 20. gxf4 Nd5 21. Re4 Nxc3 22. Ree1 Nd5 23. Re4 Nxb4 24. Ne5 Nf6 25. Re2 Rhf8 26. Rd1 Nbd5 27. Be1 Nxf4 28. Re3 N6d5 29. Rf3 f6 30. Ng4 h5 31. Nf2 g5 32. Kf1 g4 33. Rb3 f5 34. a3 Ng6 35. Nh1 f4 36. Nf2 Ne3+ 0-1

[Event "ChessOrg Schachfestival 2024 Bad Wörishofen"]
[White "Matzat, Andre"]
[Black "Pirrot, Dieter"]
[Site "Bad Woerishofen"]
[Round "5.1"]
[Annotator "wempe"]
[Result "1/2-1/2"]
[Date "2024.??.??"]
[WhiteElo "2060"]
[BlackElo "2313"]
[PlyCount "102"]
[GameId "2118793979548013"]
[EventDate "2024.03.12"]

{[%evp 0,29,19,31,19,23,13,12,49,22,16,16,33,12,6,34,36,0,25,19,13,23,106,51,81,70,24,-26,-12,-4,-18,-31]} 1. d4 d5 2. Nf3 Nc6 3. Bf4 Bg4 4. e3 e6 5. h3 Bh5 6. c4 Bb4+ 7. Nc3 Nge7 8. Rc1 O-O 9. a3 Bxc3+ 10. Rxc3 Ng6 11. Bh2 Bxf3 12. Qxf3 e5 13. Bxe5 Ngxe5 14. dxe5 d4 15. exd4 Qxd4 16. Be2 Qxe5 17. Qe3 Qf6 18. O-O Rfe8 19. Qd2 Rad8 20. Rd3 Nd4 21. Bd1 c5 22. Re3 Re6 23. Qc3 b6 24. Bg4 Red6 25. Rfe1 g6 26. Re8+ Kg7 27. Rxd8 Rxd8 28. Kf1 h5 29. Bd1 Rd6 30. Re8 a5 31. Bc2 Qf4 32. Be4 Rf6 33. f3 h4 34. Bd5 Qh2 35. Qe3 Nf5 36. Qg5 Qh1+ 37. Kf2 Qd1 38. Rg8+ Kxg8 39. Qxf6 Qd2+ 40. Kg1 Qc1+ 41. Kh2 Qf4+ 42. Kg1 Qd4+ 43. Qxd4 Nxd4 44. Kf2 Kg7 45. g3 hxg3+ 46. Kxg3 Ne2+ 47. Kg4 f5+ 48. Kg5 Ng1 49. Kf4 Kf6 50. h4 Ne2+ 51. Ke3 Nd4 1/2-1/2

[Event "ChessOrg Schachfestival 2024 Bad Wörishofen"]
[White "Higatsberger, Michael"]
[Black "Rauch, Uwe"]
[Site "Bad Woerishofen"]
[Round "5.3"]
[Annotator "wempe"]
[Result "1-0"]
[Date "2024.??.??"]
[WhiteElo "2037"]
[BlackElo "2083"]
[PlyCount "63"]
[GameId "2118793979548015"]
[EventDate "2024.03.12"]

{[%evp 0,12,31,27,64,67,91,93,72,55,58,24,26,38,16]} 1. e4 c5 2. Nf3 g6 3. d4 cxd4 4. Qxd4 Nf6 5. e5 Nc6 6. Qa4 Nd5 7. Qe4 Nb6 8. Nc3 Bg7 9. Bf4 O-O 10. O-O-O f6 11. e6 d6 12. Bb5 Ne5 13. Nd4 Qc7 14. Nd5 Nxd5 15. Qxd5 Rb8 16. h4 a6 17. Be2 b5 18. Qb3 Nc4 19. Rh3 Bb7 20. Qg3 Rfc8 21. h5 Be4 22. hxg6 hxg6 23. Bd3 Bxd3 24. Rxd3 g5 25. Qg4 Nxb2 26. Kxb2 f5 27. Rh8+ Bxh8 28. Qxg5+ Bg7 29. c3 b4 30. Rg3 Qxc3+ 31. Rxc3 Rxc3 32. Be5 1-0

[Event "ChessOrg Schachfestival 2024 Bad Wörishofen"]
[White "Baum, Bernd"]
[Black "Kretschel, Klaus"]
[Site "Bad Woerishofen"]
[Round "5.4"]
[Annotator "wempe"]
[Result "1-0"]
[Date "2024.??.??"]
[WhiteElo "2201"]
[BlackElo "2004"]
[PlyCount "111"]
[GameId "2118793979548016"]
[EventDate "2024.03.12"]

{[%evp 25,36,0,11,-15,-23,-30,-26,-45,-2,-58,-52,-54,109]} 1. c4 c5 2. g3 Nc6 3. Bg2 Nf6 4. Nc3 g6 5. e3 Bg7 6. Nge2 d6 7. d4 cxd4 8. exd4 O-O 9. O-O e5 10. h3 exd4 11. Nxd4 Nxd4 12. Qxd4 Ng4 13. Qf4 Ne5 14. Rd1 Be6 15. Nd5 Rc8 16. Bf1 Bxd5 17. Rxd5 Rc5 18. Rxc5 dxc5 19. Be3 b6 20. Qe4 Qd7 21. Qd5 Qxd5 22. cxd5 Rd8 23. Bg2 Nc4 24. Bg5 Rd7 25. Re1 h6 26. Re8+ Kh7 27. Re7 Rxe7 28. Bxe7 Be5 29. b3 Bd6 30. Bf6 Ne5 31. Bf1 Nd7 32. Bc3 f6 33. f4 Kg7 34. Bb5 Nb8 35. a4 Kf7 36. Kg2 Ke7 37. Kf3 f5 38. g4 Nd7 39. Bg7 Nf6 40. gxf5 gxf5 41. Bxh6 Nxd5 42. Bg5+ Kf8 43. Bc4 Nb4 44. h4 Kg7 45. Be6 Kg6 46. h5+ Kg7 47. Bxf5 Bf8 48. h6+ Kg8 49. Be6+ Kh7 50. Bf5+ Kg8 51. Kg4 Nc6 52. Kh5 a6 53. Bf6 Bxh6 54. Kxh6 Kf7 55. Bc3 Ne7 56. Bd3 1-0

[Event "ChessOrg Schachfestival 2024 Bad Wörishofen"]
[White "Remensberger, Paul"]
[Black "Schatz, Christian"]
[Site "Bad Woerishofen"]
[Round "5.5"]
[Annotator "wempe"]
[Result "1/2-1/2"]
[Date "2024.??.??"]
[WhiteElo "2019"]
[BlackElo "2182"]
[PlyCount "86"]
[GameId "2118793979548017"]
[EventDate "2024.03.12"]

{[%evp 0,20,27,19,23,27,47,46,23,29,30,33,38,32,41,37,30,21,12,5,-6,-2,50]} 1. d4 Nf6 2. Nf3 g6 3. c4 c5 4. Nc3 cxd4 5. Nxd4 Nc6 6. e4 Nxd4 7. Qxd4 d6 8. Be2 Bg7 9. Be3 O-O 10. Qd2 a5 11. Rc1 a4 12. O-O Qa5 13. Rfd1 Be6 14. f3 Rfc8 15. Nb5 Qxd2 16. Bxd2 Nd7 17. Rc2 f5 18. Be3 fxe4 19. fxe4 Nc5 20. Bf3 Be5 21. Bg5 Kf7 22. h4 Nd7 23. b3 axb3 24. axb3 Nc5 25. Rb1 Nd3 26. Rd2 Nb4 27. h5 Ra2 28. hxg6+ hxg6 29. Rxa2 Nxa2 30. Bd2 Bd7 31. Na3 Bd4+ 32. Kf1 Rh8 33. Ke2 Nc3+ 34. Bxc3 Bxc3 35. Nc2 Be5 36. Ne3 Ra8 37. Rd1 Be6 38. Bg4 Ra2+ 39. Kf3 Bxg4+ 40. Nxg4 Bc3 41. Rd3 Be1 42. e5 Bb4 43. exd6 exd6 1/2-1/2